Consulta universal sobre l'esmena dels afers humans / J. A. Comenius ; introducció de Dagmar Capková ; traducció Vicenç Esmarats i Josep Ruaix
Descripción Física:
LXV, 206 p. ; 20 cm
Colección:
Textos pedagògics ; 18
Materias:
Pedagogia
MARC
| LEADER | 00000nam a2200000Ia 4500 | ||
|---|---|---|---|
| 001 | 8957 | ||
| 008 | 160829s1989 xx 000 0 cat d | ||
| 080 | |a E-1-135 | ||
| 100 | |a Komensky, Jan Amos |9 29200 | ||
| 245 | |a Consulta universal sobre l'esmena dels afers humans / J. A. Comenius ; introducció de Dagmar Capková ; traducció Vicenç Esmarats i Josep Ruaix | ||
| 260 | |a Vic : |b Eumo ; Barcelona : |b Diputació, |c 1989 | ||
| 300 | |a LXV, 206 p. ; |c 20 cm | ||
| 490 | |a Textos pedagògics ; 18 | ||
| 650 | |a Pedagogia |9 35391 | ||
| 700 | |a Capková, Dagmar, pr. |9 29201 | ||
| 700 | 1 | |a Esmarats, Vicenç |9 29202 | |
| 700 | |a Ruaix i Vinyet, Josep, tr. I |9 29203 | ||
| 710 | 1 | |a Barcelona (Catalunya : Província). |b Diputació |9 52408 | |
| 901 | |a Arxiu | ||
| 942 | |n 1 | ||
| 952 | |0 0 |1 0 |4 0 |6 E1135 |7 1 |9 45101 |a Arxiu |b Arxiu |d 2016-12-01 |l 0 |o E-1-135 |p 8957 |r 2016-12-01 00:00:00 |w 2016-12-01 |y ARXIU | ||
| 999 | |c 47721 |d 47721 | ||